000 01255nam1a2200277 i 4500
001 RU\NLR\bibl\855737
005 20250703065132.0
035 _a(NLR Aleph) 000844460
090 _a1440997
_c1440997
100 _a20051018g20059999u y0rusy50 ca
101 0 _arus
102 _aRU
105 _a||||z |||||
200 1 _aЛичная физическая культура и здоровье человека
_eучебное пособие для вузов
_fП.К. Дуркин, д.п.н., проф., засл. работник физ. культуры РФ
_gФедер. агенство по образованию, Арханг. гос. техн. ун-т
210 _aАрхангельск
_cИзд-во АГТУ
_d2005
215 _d21
463 0 _1001850099
463 0 _10011747220
606 _aЗдоровье
_jУчебные издания для высших учебных заведений
_xВлияние физической культуры и спорта
_91188761
_3RU\NLR\auth\66479459
686 _aЧ510.4я73
700 1 _aДуркин
_bП. К.
_gПетр Калистратович
_4070
801 0 _aRU
_bNLR
_c20051018
_grcr
801 1 _aRU
_bNLR
_c20051018
852 _aNLR
_j2005-3/26763
942 _cBOOK